Normal view
MARC view
Entry Personal Name
001 - CONTROL NUMBER
- control field: 45659
003 - CONTROL NUMBER IDENTIFIER
- control field: dpl
005 - DATE AND TIME OF LATEST TRANSACTION
- control field: 20120424123258.0
008 - FIXED-LENGTH DATA ELEMENTS
- fixed length control field: 120424|||a|||||| | ||| d
040 ## - CATALOGING SOURCE
- Original cataloging agency: dpl
- Transcribing agency: dpl
100 ## - HEADING--PERSONAL NAME
- Personal name: Jones, C.R.
670 ## - SOURCE DATA FOUND
- Source citation: Work cat.: (dpl): Mulholland, H. 45658, Fundamentals of statistics /, 1983
670 ## - SOURCE DATA FOUND
- Source citation: Work cat.: (dpl): Mulholland, H. 45658, Fundamentals of statistics /, 1983
